La cabaña del tío Tom
Novela dramática que gira en torno a Tom, un esclavo que pertenece a la familia Shelby. Tom vivirá un infierno cuando lo decidan vender a un traficante de esclavos, quien hace negocios con violentos esclavistas que lo maltrataran de forma inhumana, conforme avance el relato, la historia también se e...
Guardat en:
| Autor principal: | |
|---|---|
| Format: | Llibre |
| Idioma: | Undetermined |
| Publicat: |
México, Distrito Federal
Editorial Porrua
1967
|
| Matèries: | |
| Etiquetes: |
Afegir etiqueta
Sense etiquetes, Sigues el primer a etiquetar aquest registre!
|
MARC
| LEADER | 00000nam a2200000Ia 4500 | ||
|---|---|---|---|
| 008 | 170316s9999 xx 000 0 und d | ||
| 040 | |a cru BVZT | ||
| 090 | |a 810 S-47.1c | ||
| 100 | |a Stowe, Harriet Beecher |9 565 | ||
| 245 | |a La cabaña del tío Tom |c / Harriet Beecher Stowe | ||
| 260 | |a México, Distrito Federal | ||
| 260 | |b Editorial Porrua | ||
| 260 | |c 1967 | ||
| 300 | |a 341 páginas | ||
| 520 | |a Novela dramática que gira en torno a Tom, un esclavo que pertenece a la familia Shelby. Tom vivirá un infierno cuando lo decidan vender a un traficante de esclavos, quien hace negocios con violentos esclavistas que lo maltrataran de forma inhumana, conforme avance el relato, la historia también se enfoca en Eliza, una esclava que decide huir de los Shelby antes de obtener el mismo destino que Tom, asimismo, trata de otros personajes. La obra escrita en 1852 por Harriet Stowe, se convirtió en una obra trascendental en el siglo XIX, ya que fue el libro más vendido en los Estados Unidos, luego de la Biblia, además, la obra causó gran furor e indignación entre la población, debido que denunciaba los actos inhumanos que pasaban las personas de origen afrodescendiente. | ||
| 650 | |a LITERATURA ESTADOUNIDENSE |9 25 | ||
| 650 | |a NOVELA DRAMÁTICA |9 566 | ||
| 999 | |c 6156 |d 6156 | ||
| 942 | |c 15 D |h 810 S-47.1c |2 z | ||
